Ψηφιοποίηση της συλλογής του Βυζαντινού (Εκκλησιαστικού) Μουσείου Μυτιλήνης : ανάπτυξη εικονικής έκθεσης της συλλογής : δημιουργία βάσης δεδομένων : μεταπτυχιακή διατριβή

Αποθηκεύτηκε σε:
Λεπτομέρειες βιβλιογραφικής εγγραφής
Κύριος συγγραφέας: Γιαννάκα, Αριστέα Γ.
Συγγραφή απο Οργανισμό/Αρχή: Πανεπιστήμιο Αιγαίου. Σχολή Κοινωνικών Επιστημών. Τμήμα Πολιτισμικής Τεχνολογίας και Επικοινωνίας. Πρόγραμμα Μεταπτυχιακών Σπουδών Πολιτισμική Πληροφορική και Επικοινωνία
Άλλοι συγγραφείς: Σαμπανίκου, Εύη Δημ., 1965- (dgsf)
Μορφή: Thesis Βιβλίο
Γλώσσα:Greek
Δημοσίευση: 2005.
Θέματα:
Ετικέτες: Προσθήκη ετικέτας
Δεν υπάρχουν, Καταχωρήστε ετικέτα πρώτοι!

MARC

LEADER 00000cam a2200000 i 4500
001 1/26251
008 060316s2005 gr | ||| ||| ||gre||
035 |l 10083113 
040 |a GR-MyUa  |b gre  |e AACR2 
041 0 |a gre 
082 7 |a 069   |2 (22) 
100 1 |a Γιαννάκα, Αριστέα Γ. 
245 1 0 |a Ψηφιοποίηση της συλλογής του Βυζαντινού (Εκκλησιαστικού) Μουσείου Μυτιλήνης :   |b ανάπτυξη εικονικής έκθεσης της συλλογής : δημιουργία βάσης δεδομένων : μεταπτυχιακή διατριβή /   |c Αριστέα Γ. Γιαννάκα ; υπεύθυνη καθηγήτρια Σαμπανίκου Ευαγγελία. 
260 |c 2005. 
300 |a 132 σ. :   |b εικ. ;   |c 30 εκ. 
500 |a Υπάρχει ψηφιακό αντίγραφο. 
500 |a Μέλη εξεταστικής επιτροπής: Σαμπανίκου Ευαγγελία, Ευαγγελία Καβακλή, Αβραάμ Μέλος. 
502 |a Διατριβή (μεταπτυχιακή) – Πανεπιστήμιο Αιγαίου, Λέσβος, 2005. 
504 |a Βιβλιογραφία: σ. 117-121. 
650 0 |a Virtual museums. 
650 0 |a Database design. 
650 0 |a Museums  |x Databases. 
650 0 |a Museums  |z Greece  |z Mytilene (Lesbos) 
650 0 |a Dissertations, Academic  |z Greece. 
700 1 |a Σαμπανίκου, Εύη Δημ.,   |d 1965-  |e dgsf 
710 2 |a Πανεπιστήμιο Αιγαίου.   |b Σχολή Κοινωνικών Επιστημών.   |b Τμήμα Πολιτισμικής Τεχνολογίας και Επικοινωνίας.   |b Πρόγραμμα Μεταπτυχιακών Σπουδών Πολιτισμική Πληροφορική και Επικοινωνία. 
852 |a INST  |b LESVOS  |c DIATR  |e 20060316  |h 11  |p 005100035562  |q 005100035562  |t MTXE  |y 23 
852 |a INST  |b LESVOS  |c DIATR  |e 20060316  |h 12  |p 005100035586  |q 005100035586  |t MTXE  |y 23 
901 |a BIBL1-2006-1 
924 |a Γιαννάκα  |b Αριστέα Γ.  |y Λέσβος  |z 2005 
970 |z 2006/03/16